| 000 | 00754nam a22002177a 4500 | ||
|---|---|---|---|
| 003 | OSt | ||
| 005 | 20251106071349.0 | ||
| 008 | 251106b |||||||| |||| 00| 0 eng d | ||
| 020 | _a0-07-111565-x | ||
| 040 |
_aDWCL-Main lib _cOC |
||
| 082 | _aCirc. 332.1 C387 2006 | ||
| 100 | _aCeccheti, S. | ||
| 245 |
_aMoney, banking and financial markets _cCeccheti, Stephen G. |
||
| 260 |
_aNew York : _bMcGraw-Hill Companies, _cc2006 |
||
| 300 |
_axxxv, 643 pages : _bcolored illustration : _c 25 cm. |
||
| 504 | _aIncludes bibliographical references and index | ||
| 650 | _2Banks and banking | ||
| 650 | _2 Finance | ||
| 650 | _2Money | ||
| 942 |
_2ddc _cBK-CIRC _eMcGraw-Hill International _hCirc. 332.1 C387 2006 _kCirc. _n0 |
||
| 999 |
_c5614 _d5614 |
||